5HLuxD.jpg

KING HENRY VIII SENIOR AND PRIMARY SCHOOL LIBRARY OPAC

Zen and the art of faking it / (Record no. 551)

000 -LEADER
fixed length control field 00738nam a22001817a 4500
005 - DATE AND TIME OF LATEST TRANSACTION
control field 20190821113906.0
008 - FIXED-LENGTH DATA ELEMENTS--GENERAL INFORMATION
fixed length control field 190821b ||||| |||| 00| 0 eng d
020 ## - INTERNATIONAL STANDARD BOOK NUMBER
International Standard Book Number 9780439837095
040 ## - CATALOGING SOURCE
Transcribing agency KH8
082 ## - DEWEY DECIMAL CLASSIFICATION NUMBER
Classification number FIC SON
100 ## - MAIN ENTRY--PERSONAL NAME
Personal name Sonnenblick, Jordan
245 ## - TITLE STATEMENT
Title Zen and the art of faking it /
Statement of responsibility, etc. Jordan Sonnenblick
260 ## - PUBLICATION, DISTRIBUTION, ETC.
Place of publication, distribution, etc. New York :
Name of publisher, distributor, etc. Scholastic,
Date of publication, distribution, etc. [2010], ©2007.
300 ## - PHYSICAL DESCRIPTION
Extent 264 pages ;
Dimensions 18 cm.
500 ## - GENERAL NOTE
General note Originally published: New York : Scholastic Press, 2007.
520 ## - SUMMARY, ETC.
Summary, etc. When San Lee moves to a new town and school for the umpteenth time, he is looking for a way to stand out when his knowledge of Zen Buddhism provides the answer--and the need to quickly become a convincing Zen master.
942 ## - ADDED ENTRY ELEMENTS (KOHA)
Source of classification or shelving scheme
Koha item type Books - Fiction
Holdings
Withdrawn status Lost status Source of classification or shelving scheme Damaged status Not for loan Collection code Permanent Location Current Location Shelving location Date acquired Total Checkouts Full call number Barcode Date last seen Date last checked out Price effective from Koha item type
          Fiction KH8 Senior School Library KH8 Senior School Library Fiction 2019-08-21 3 FIC SON 3KHSL000101252 2024-11-05 2024-09-26 2019-08-21 Books - Fiction

Powered By KH8 IT Dept